История России #32: Триумф советской власти - Statistics

General Stats
  • This quiz has been taken 38 times
    33 since last reset
  • The average score is 15 of 40
Answer Stats
Вопрос Ответ % Correct
Город, где была расстреляна царская семья Екатеринбург
90%
Номер съезда советов, принявшего первыесоветские декреты II Всероссийский съездСоветов
70%
Номер съезда советов, принявшего Брестский мир IV Всероссийский съездСоветов
70%
Номер съезда советов, принявшего конституцию РСФСР V Всероссийский съездСоветов
70%
Большевик, предложивший формулу"Ни мира, ни войны" Л.Д. Троцкий
65%
Номер съезда советов, провозгласившегоРСФСР и принявшего декларацию прав трудящихся III Всероссийский съездСоветов
65%
Календарь, введенный в феврале 1918 года Григорианскийкалендарь
60%
Орган, созданный для борьбы с контрреволюцией и саботажем в декабре 1917 Всероссийскаячрезвычайная комиссия
60%
Город, бывший центром крупного восстания зеленых в 1920-1921 годах Тамбов
55%
Организатор борьбы с контрреволюцией исаботажем, поляк, часто направлялся на фронты для поддержания порядка Ф.Э. Дзержинский
50%
Фраза, с которой матрос А.Г. Железняковзакрыл заседание Учредительного собрания ранним утром 6 января 1918 Караул устал
50%
Подписание Брестского мира сточностью до месяца Март 1918
50%
Место, расстрела царской семьи Дом Ипатьева
45%
Первые декреты советской власти, принятые 26-27 октября 1917 О мире, о земле, о печати
45%
Самое известное покушение на В.И. Ленина 1918
45%
Организаторы похода на Петроград 3-гоказачьего корпуса сразу после Октябрьской революции П.Н. Краснов,А.Ф. Керенский
45%
Глава ВЦИКа, остававшийся им до смертив 1919 Я.М. Свердлов
40%
Руководитель крупного восстания зеленыхв 1920-1921 А.С. Антонов
40%
Государственный план развитияэлектроэнергетической отрасли ГОЭЛРО
40%
Террористка, совершившая самое известное покушение на В.И. Ленина Фанни Каплан
40%
Первый патриарх 2-го патриаршего периода Тихон
35%
Органы местного самоуправления, созданные в 11.06.1918 с целью распределения излишков хлеба Комитеты бедноты
35%
Принятие государственного плана развитияэлектроэнергетической отрасли 1920
35%
Верховный орган центральной власти Совет народных комиссаров
35%
Декрет о продразверствке 1919
30%
Категория военных, восставших в Петрограде в ноябре 1917 Юнкера
25%
Выступление, вызванное убийством немецкого посла Мирбаха в июне 1918 Мятеж левых эсеров
25%
Церковный орган, избравший новогопатриарха Поместный собор
20%
Документ, принятый 2 ноября 1917, гарантировавший народам право на самоопределение Декларация прав народовРоссии
20%
Большевики, выступившие принципиальнопротив подписания мира с Германией Ф.Э. Дзержинский,Н.И. Бухарин
20%
Организация железнодорожников, выступившая за организацию однородного социалистического правительства Викжель
15%
Орган, существовавший на правах наркомата, отвечающий за экономику и промышленность Высший совет народногохозяйства
15%
Британский посол, участник заговора трех послов, раскрытого в августе 1918 Брюс Локкарт
10%
Известный глава ведомства на правахнаркомата, осуществлявшего контроль над экономикой и промышленностью А.И. Рыков
10%
Подписант Брестского мира с советскойстороны Г.Я. Сокольников
10%
Эсеры, участники убийства немецкого посла Мирбаха в июне 1918 Я.Г. Блюмкин, Н.А. Андреев
10%
Организация, созданная Б.В. Савинковымс целью осуществления контрреволюции Союз защиты Родиныи свободы
10%
Начальник генштаба при А.Ф. Керенском,отказавшийся приступить к переговорам о перемирии с немцами, за что был позже снят и убит большевиками Н.Н. Духонин
5%
Известные декреты, принятые большевиками в ноябре-декабре 1917 года О 8-часовом рабочем дне,об упразднении сословий, о рабочем контроле, о суде, об аресте лидеров кадетов, о национализации банков
0%
Известные декреты, принятые большевиками в январе-июне 1918 года О свободе совести, онационализации внешней торговли, о борьбе с деревенской буржуазией, о снабжение бедноты, о национализации промышленности
0%
No matching quizzes found
Score Distribution
Percent of People with Each Score
Percentile by Number Answered
Your Score History
You have not taken this quiz since the last reset